Principles of Polymer Composites

Gespeichert in:
Bibliographische Detailangaben
Format: Buch
Sprache:Englisch
Veröffentlicht: Berlin : Springer Verlag, 1986
Schlagworte:
Tags: Tag hinzufügen
Keine Tags, Fügen Sie das erste Tag hinzu!

MARC

LEADER 00000nam a22000003a 4500
001 stu44571
005 20150408180402.6
008 950424s1986----gw------------------eng-d
020 |a 3-540-15051-X 
040 |a STU  |b slo 
041 0 |a eng 
044 |a gw 
080 |a 678.7  |7 stu_us_auth*stu5836 
245 |a Principles of Polymer Composites 
260 |a Berlin :  |b Springer Verlag,  |c 1986 
300 |a 124 s 
650 7 |a polyméry kompozitné  |2 stusub 
996 |b 284M025770  |c M*9085-1  |l MMKN  |s A  |a 24  |w stu44571_0001